Propuesta de Electrificación de la Comunidad de San Jerónimo, El Rama, vía Micro Turbina Eléctrica
Presenta un estudio de factibilidad en la comunidad San Jerónimo, mediante una valoración técnica para la construcción de la micro turbina (costo financiero) y detalles técnicos para su ejecución. La pequeña micro turbina también proveerá energía para usos productivos como: leche, entre ot...
| Main Author: | |
|---|---|
| Other Authors: | |
| Format: | Tesis Section = Libro |
| Language: | Undetermined Spanish |
| Published: |
Managua
UNI
2011
|
| Subjects: |
| LEADER | 01141nam a2200253Ia 4500 | ||
|---|---|---|---|
| 008 | 240830s9999 xx 000 0 und d | ||
| 040 | |a BIBLIOTECA-RUSB/ T.Mon 621.31 C352 | ||
| 041 | |a spa | ||
| 082 | |a T.Mon 621.31 C352 | ||
| 100 | 1 | |a Castillo Ruiz, Cristhian del Carmen | |
| 245 | 1 | 0 | |a Propuesta de Electrificación de la Comunidad de San Jerónimo, El Rama, vía Micro Turbina Eléctrica |
| 260 | |a Managua |b UNI |c 2011 | ||
| 300 | |a 40 p. :il. | ||
| 500 | |a Contiene: anexos. | ||
| 502 | |a Tesis (Ingeniero Eléctrico) - UNI, 2011. | ||
| 520 | 3 | |a Presenta un estudio de factibilidad en la comunidad San Jerónimo, mediante una valoración técnica para la construcción de la micro turbina (costo financiero) y detalles técnicos para su ejecución. La pequeña micro turbina también proveerá energía para usos productivos como: leche, entre otros. | |
| 650 | 7 | |a GENERACION DE ENERGIA ELECTRICA | |
| 650 | 7 | |b ENERGIA ELECTRICA | |
| 650 | 7 | |c CENTRAL HIDROELECTRICA | |
| 650 | 7 | |d INSTALACIONES DE ENERGIA ELECTRICA | |
| 700 | 1 | |a Tutor: |b Arcia Lacayo, Ramiro Antonio | |
| 942 | |c BK |2 ddc | ||
| 991 | |a TESIS | ||
| 999 | |c 21812 | ||